<?xml version="1.0" encoding="UTF-8"?>
<record
    xmlns:xsi="http://www.w3.org/2001/XMLSchema-instance"
    xsi:schemaLocation="http://www.loc.gov/MARC21/slim http://www.loc.gov/standards/marcxml/schema/MARC21slim.xsd"
    xmlns="http://www.loc.gov/MARC21/slim">

  <leader>01562nam a2200349 i 4500</leader>
  <controlfield tag="001">182526</controlfield>
  <controlfield tag="003">ES-MaACL</controlfield>
  <controlfield tag="005">20231027131619.0</controlfield>
  <controlfield tag="008">130911s2012    sp ad        |||| | spa d</controlfield>
  <datafield tag="020" ind1=" " ind2=" ">
    <subfield code="a">978-84-7074-539-3</subfield>
  </datafield>
  <datafield tag="080" ind1=" " ind2=" ">
    <subfield code="a">316.77:32(063)</subfield>
  </datafield>
  <datafield tag="080" ind1=" " ind2=" ">
    <subfield code="a">316.774(063)</subfield>
  </datafield>
  <datafield tag="080" ind1=" " ind2=" ">
    <subfield code="a">004:316.77(063)</subfield>
  </datafield>
  <datafield tag="080" ind1=" " ind2=" ">
    <subfield code="a">364.4(063)</subfield>
  </datafield>
  <datafield tag="245" ind1="0" ind2="0">
    <subfield code="a">Crisis y cambios en la sociedad contempor&#xE1;nea : </subfield>
    <subfield code="b">comunicaci&#xF3;n y problemas sociales / </subfield>
    <subfield code="c">Mar&#xED;a Dolores C&#xE1;ceres Zapatero, Antonio Lucas Mar&#xED;n (editores) ; Javier Callejo Gallego, Juan Ignacio Rospir, Luis Deltell ... [et al.].</subfield>
  </datafield>
  <datafield tag="260" ind1=" " ind2=" ">
    <subfield code="a">Madrid : </subfield>
    <subfield code="b">Fragua, </subfield>
    <subfield code="c">2012.</subfield>
  </datafield>
  <datafield tag="300" ind1=" " ind2=" ">
    <subfield code="a">406 p. : </subfield>
    <subfield code="b">il., gr&#xE1;f. ; </subfield>
    <subfield code="c">24 cm.</subfield>
  </datafield>
  <datafield tag="490" ind1="1" ind2=" ">
    <subfield code="a">Biblioteca de ciencias de la comunicaci&#xF3;n ; </subfield>
    <subfield code="v">64</subfield>
  </datafield>
  <datafield tag="504" ind1=" " ind2=" ">
    <subfield code="a">Referencias bibliogr&#xE1;ficas.</subfield>
  </datafield>
  <datafield tag="650" ind1=" " ind2=" ">
    <subfield code="a">Comunicaci&#xF3;n en pol&#xED;tica-</subfield>
    <subfield code="v">Congresos y asambleas.</subfield>
    <subfield code="9">161863</subfield>
  </datafield>
  <datafield tag="650" ind1="0" ind2="4">
    <subfield code="a">Medios de comunicaci&#xF3;n social-</subfield>
    <subfield code="x">Aspectos sociales.</subfield>
    <subfield code="9">14968</subfield>
  </datafield>
  <datafield tag="650" ind1=" " ind2="4">
    <subfield code="a">Tecnolog&#xED;as de la informaci&#xF3;n y de la comunicaci&#xF3;n-</subfield>
    <subfield code="x">Aspectos sociales.</subfield>
    <subfield code="9">161861</subfield>
  </datafield>
  <datafield tag="650" ind1=" " ind2="4">
    <subfield code="a">Problemas sociales-</subfield>
    <subfield code="v">Congresos y asambleas.</subfield>
    <subfield code="9">161862</subfield>
  </datafield>
  <datafield tag="700" ind1="1" ind2=" ">
    <subfield code="a">C&#xE1;ceres Zapatero, Mar&#xED;a Dolores.</subfield>
    <subfield code="9">153402</subfield>
  </datafield>
  <datafield tag="700" ind1="1" ind2=" ">
    <subfield code="a">Lucas Mar&#xED;n, Antonio.</subfield>
    <subfield code="9">74545</subfield>
  </datafield>
  <datafield tag="700" ind1="1" ind2=" ">
    <subfield code="a">Callejo Gallego, Javier.</subfield>
    <subfield code="9">141749</subfield>
  </datafield>
  <datafield tag="711" ind1="2" ind2=" ">
    <subfield code="a">Asociaci&#xF3;n Madrile&#xF1;a de Sociolog&#xED;a. Jornadas (</subfield>
    <subfield code="n">2&#xAA;. </subfield>
    <subfield code="d">2012. </subfield>
    <subfield code="c">Madrid)</subfield>
    <subfield code="9">153403</subfield>
  </datafield>
  <datafield tag="830" ind1="0" ind2=" ">
    <subfield code="a">Biblioteca de ciencias de la comunicaci&#xF3;n ; </subfield>
    <subfield code="v">64</subfield>
    <subfield code="9">191759</subfield>
  </datafield>
  <datafield tag="852" ind1=" " ind2=" ">
    <subfield code="a">ES-MaACL</subfield>
    <subfield code="j">A-12908</subfield>
    <subfield code="9">189439</subfield>
    <subfield code="b">R.149292</subfield>
    <subfield code="c">DEPO1</subfield>
    <subfield code="d">Olim: N-5908</subfield>
  </datafield>
  <datafield tag="942" ind1=" " ind2=" ">
    <subfield code="2">udc</subfield>
    <subfield code="c">MONOGRAFIA</subfield>
  </datafield>
  <datafield tag="999" ind1=" " ind2=" ">
    <subfield code="c">182526</subfield>
    <subfield code="d">182526</subfield>
  </datafield>
  <datafield tag="952" ind1=" " ind2=" ">
    <subfield code="0">0</subfield>
    <subfield code="1">0</subfield>
    <subfield code="2">udc</subfield>
    <subfield code="4">0</subfield>
    <subfield code="7">0</subfield>
    <subfield code="a">ATENEOM</subfield>
    <subfield code="b">ATENEOM</subfield>
    <subfield code="c">DEPO1</subfield>
    <subfield code="d">2013-09-11</subfield>
    <subfield code="e">DONACION</subfield>
    <subfield code="l">0</subfield>
    <subfield code="o">A-12908</subfield>
    <subfield code="p">1191817</subfield>
    <subfield code="r">2023-02-23 00:00:00</subfield>
    <subfield code="w">2023-02-23</subfield>
    <subfield code="y">MONOGRAFIA</subfield>
  </datafield>
</record>
